Introducción a la investigación de las operaciones / (Registro nro. 4881)
[ vista simple ]
| 000 -LEADER | |
|---|---|
| fixed length control field | 01137nam a2200277Ia 4500 |
| 003 - CONTROL NUMBER IDENTIFIER | |
| control field | OSt |
| 005 - DATE AND TIME OF LATEST TRANSACTION | |
| control field | 20200924101112.0 |
| 008 - FIXED-LENGTH DATA ELEMENTS--GENERAL INFORMATION | |
| fixed length control field | 191128s2010 mx a gr 000 0 spa d |
| 020 ## - INTERNATIONAL STANDARD BOOK NUMBER | |
| International Standard Book Number | 9786071503084 |
| 040 ## - CATALOGING SOURCE | |
| Original cataloging agency | CO-JMCR |
| Transcribing agency | CO-JMCR |
| 041 0# - LANGUAGE CODE | |
| Language code of text/sound track or separate title | spa |
| 082 24 - DEWEY DECIMAL CLASSIFICATION NUMBER | |
| Classification number | 658.4034 / |
| Item number | H654i |
| Edition number | 23 |
| 100 1# - MAIN ENTRY--PERSONAL NAME | |
| Personal name | Hillier, Frederick S., |
| Relator term | autor |
| 9 (RLIN) | 10774 |
| 245 10 - TITLE STATEMENT | |
| Title | Introducción a la investigación de las operaciones / |
| Statement of responsibility, etc. | Frederick S. Hillier, |
| 250 ## - EDITION STATEMENT | |
| Edition statement | Novena edición |
| 260 ## - PUBLICATION, DISTRIBUTION, ETC. | |
| Place of publication, distribution, etc. | México : |
| Name of publisher, distributor, etc. | McGraw-hill, |
| Date of publication, distribution, etc. | 2010. |
| 300 ## - PHYSICAL DESCRIPTION | |
| Extent | 978 páginas : |
| Other physical details | Ilustraciones en blanco y negro ; |
| Dimensions | 27 cm. |
| 505 0# - FORMATTED CONTENTS NOTE | |
| Formatted contents note | Panorama del enfoque de modelado en investigación de operaciones -- Introducción a la programación lineal -- Solución de problemas de programación lineal : Método simplex -- Teoría del método simplex |
| 650 24 - SUBJECT ADDED ENTRY--TOPICAL TERM | |
| Topical term or geographic name entry element | Investigación de operaciones. |
| 9 (RLIN) | 1154 |
| 650 24 - SUBJECT ADDED ENTRY--TOPICAL TERM | |
| Topical term or geographic name entry element | Análisis de sistemas. |
| 9 (RLIN) | 1155 |
| 650 24 - SUBJECT ADDED ENTRY--TOPICAL TERM | |
| Topical term or geographic name entry element | Modelos matemáticos. |
| 9 (RLIN) | 1740 |
| 700 1# - ADDED ENTRY--PERSONAL NAME | |
| Personal name | Lieberman, Gerarld J., |
| Relator term | autor |
| 9 (RLIN) | 10775 |
| 700 1# - ADDED ENTRY--PERSONAL NAME | |
| Personal name | Martínez del Campo V., Guillermo |
| Relator term | autor |
| 9 (RLIN) | 10776 |
| 700 1# - ADDED ENTRY--PERSONAL NAME | |
| Personal name | Pacheco, Ernesto A. |
| Relator term | autor |
| 9 (RLIN) | 10777 |
| 942 ## - ADDED ENTRY ELEMENTS (KOHA) | |
| Source of classification or shelving scheme | Dewey Decimal Classification |
| Koha item type | Books |
| Withdrawn status | Lost status | Source of classification or shelving scheme | Materials specified (bound volume or other part) | Damaged status | Not for loan | Home library | Current library | Shelving location | Date acquired | Source of acquisition | Total Checkouts | Total Renewals | Full call number | Barcode | Date last seen | Date last checked out | Copy number | Price effective from | Koha item type |
|---|---|---|---|---|---|---|---|---|---|---|---|---|---|---|---|---|---|---|---|
| Dewey Decimal Classification | Donación -- 15/04/2018 -- | Biblioteca Pública José María del Castillo y Rada | Biblioteca Pública José María del Castillo y Rada | General Stacks | 11/28/2019 | Donación | 12 | 13 | 658.4034 / H654i | 430000925 | 10/29/2025 | 10/29/2025 | Ej.1 | 11/28/2019 | Books |